000 00788nam a2200229 4500
003 LK-CoMWRAF
005 20231010102132.0
008 231010b2001 |||||||| |||| 00| 0 eng d
020 _a 9221128911
040 _aLK-CoMWRAF
_dLK-CoMWRAF
_eLK-CoMWRAF
041 _aeng
082 _a331.88
_bGUN
100 _aGunatilaka, Ramani.
245 _aFreedom of association and collective bargaining in Sri Lanka:
_bprogress and prospects
260 _aColombo:
_bInternational Labour Organization,
_c2001
300 _a67 p. ; 24 cm.
_bBibliography included
650 _aLABOR UNIONS-Sri Lanka
650 _aCollective bargaining--Sri Lanka.
650 _aFreedom of association--Sri Lanka.
856 _uhttps://www.ilo.org/public/libdoc/ilo/2001/101B09_359_engl.pdf
942 _cBK
999 _c3823
_d3823